Storia d'Italia Dal vol.1 al vol.39

Kaydedildi:
Detaylı Bibliyografya
Yazar: Indro Montanelli,Gervaso Montanelli
Materyal Türü: Kitap
Dil:Bilinmeyen Dil
Baskı/Yayın Bilgisi: Fabri Editore
Etiketler: Etiketle
Etiket eklenmemiş, İlk siz ekleyin!

MARC

LEADER 00000nam a2200000Ia 4500
001 R-1457
003 CODICE-MESSINA
005 20260212102507.0
008 260211s9999 xx 000 0 und d
040 |c importazione_messina 
100 |a Indro Montanelli,Gervaso Montanelli 
245 0 |a Storia d'Italia 
245 0 |b Dal vol.1 al vol.39 
260 |b Fabri Editore 
942 |2 ddc  |c BK 
952 |0 0  |1 0  |2 ddc  |4 0  |6 SCAFFALE_14_000000000000000__LETTERATURA  |7 0  |9 32293  |a ME  |b ME  |d 2026-02-11  |l 0  |o SCAFFALE 14 - LETTERATURA  |p R-1457  |r 2026-02-11 23:53:05  |w 2026-02-11  |x [REVISIONARE]  |y BK 
999 |c 27960  |d 27960